La Roma imperial

Uloženo v:
Podrobná bibliografie
Hlavní autor: Hadas, Moses (Autor)
Médium: Kniha
Jazyk:španělština
Vydáno: Barcelona Folio 1996
Edice:Atlas Culturales del Mundo
Témata:
Tagy: Přidat tag
Žádné tagy, Buďte první, kdo vytvoří štítek k tomuto záznamu!

MARC

LEADER 00000nam a2200000 a 4500
001 UCL0890
003 CL-VaPUC
008 030825e19960000SP |||||||||||||||||spa|d
020 |a 8441303002v.1 
020 |a 8441303010v.2 
082 0 4 |a 937  |b HAD  |2 21 
100 0 |a Hadas, Moses  |e author  |9 477633 
245 1 3 |a La Roma imperial 
300 |a 2 v 
942 |c BK 
945 |d 20030825 00:00:00  |a cmena 
260 |a Barcelona  |b Folio  |c 1996 
650 0 |a Historia antigua  |9 267521 
650 0 |a Imperialismo  |9 258264 
650 0 |a Historia política  |9 256974 
651 0 |a Roma   |9 255106 
583 |a last modification  |c 20030825 00:00:00  |k Rodrigo Vera 
490 0 |a Atlas Culturales del Mundo 
999 |c 304616  |d 304614 
952 |0 0  |1 0  |4 0  |6 937_000000000000000_HAD_1996  |7 0  |8 X  |9 367127  |a BIBHIS  |b BIBHIS  |d 2019-11-21  |h v.1  |i 3933202  |o 937 HAD 1996  |p 3933202  |r 2024-01-30  |w 2019-11-21  |y BK_X  |k HIS 
952 |0 0  |1 0  |4 0  |6 937_000000000000000_HAD_1996  |7 0  |8 X  |9 367128  |a BIBHIS  |b BIBHIS  |d 2019-11-21  |h v.2  |i 3933210  |o 937 HAD 1996  |p 3933210  |r 2024-01-30  |w 2019-11-21  |y BK_X  |k HIS